| 000 | 01223aab a2200193 i 4500 | ||
|---|---|---|---|
| 001 | 768714001 | ||
| 003 | CO-MdFUSB | ||
| 005 | 20240422100159.0 | ||
| 008 | 240416t1982 ag ||||| |||| 00| 0 spa d | ||
| 040 |
_bspa _cCO-MdFUSB |
||
| 041 | _aspa | ||
| 100 | 1 |
_aPadilla, C. René _eautor |
|
| 245 | 1 | 0 |
_aGrand Rapids 82 : _bun encuentro histórico _c/ C. René Padilla |
| 300 |
_aVolumen 1, número 3, (octubre - diciembre, 1982), páginas: 25 - 26 _c; 27 cm |
||
| 520 | _aLa "Consulta sobre la relación entre evangelización y responsabilidad social", realizada en Grand Rapids, fue un encuentro de suma importancia para el desarrollo de la conciencia social evangélica a nivel mundial, en la cual se elaboraron dos afirmaciones hechas en el Pacto de Lausana: (1) que "la evangelización y la acción social y política son parte integral de nuestro deber cristiano" (sección 5), y (2) que "en la misión de la iglesia, que es misión de servicio sacrificado, la evangelización ocupa el - primer lugar" (sección 6) | ||
| 650 | 7 |
_aTeología pastoral y unidad cristiana _97183 |
|
| 773 | 0 |
_tIglesia y Misión _049402 _959626 _gVolumen 1, número 3, (octubre - diciembre, 1982), páginas: 25 - 26 _qpágina: 25 |
|
| 942 | _cANA | ||
| 999 |
_c51302 _d51302 |
||